Actualidades en Psicología /
Պահպանված է:
| Համատեղ հեղինակ: | |
|---|---|
| Ձևաչափ: | Գիրք |
| Լեզու: | Spanish |
| Հրապարակվել է: |
San José, C.R.:
Editorial de la UCR
|
| Խորագրեր: | |
| Ցուցիչներ: |
Ավելացրեք ցուցիչ
Չկան պիտակներ, Եղեք առաջինը, ով նշում է այս գրառումը!
|
MARC
| LEADER | 00000nam a22000007a 4500 | ||
|---|---|---|---|
| 003 | cru CIDCACS/IIS | ||
| 005 | 20231020062557.0 | ||
| 007 | ta | ||
| 008 | 170113b1984 CR ||||| |||| 00| 0 spa d | ||
| 040 | |b cru CIDCACS/IIS |c cru CIDCACS/IIS | ||
| 090 | |a REV0008 | ||
| 110 | 1 | |9 975 |a Universidad de Costa Rica. Instituto de Investigaciones en Psicología | |
| 245 | 1 | |a Actualidades en Psicología / |c Universidad de Costa Rica. Instituto de Investigaciones en Psicología | |
| 260 | |a San José, C.R.: |b Editorial de la UCR | ||
| 500 | |a Colección Centroamérica | ||
| 650 | 1 | 7 | |9 982 |a ENSEÑANZA SECUNDARIA |
| 650 | 1 | 0 | |9 986 |a ESTABLECIMIENTOS DE ENSEÑANZA |
| 650 | 1 | 0 | |a PSICOLOGIA |9 3105 |
| 650 | 1 | 0 | |9 992 |a TECNICAS DE EVALUACION |
| 650 | 1 | 0 | |9 998 |a MODELOS |
| 942 | |2 ddc |c PP | ||
| 999 | |c 18811 |d 18811 | ||
